| 000 | 01244cam a22003374a 4500 | ||
|---|---|---|---|
| 001 | 13674088 | ||
| 003 | OSt | ||
| 005 | 20180116192411.0 | ||
| 008 | 040803s2004 maua b 000 0 eng | ||
| 010 | _a 2004056686 | ||
| 020 | _a0262701103 (pbk. : alk. paper) | ||
| 020 | _a9780262701105 | ||
| 040 |
_aDLC _cDLC _dDLC |
||
| 042 | _apcc | ||
| 050 | 0 | 0 |
_aNA1353.T78 _bA35 2004 |
| 082 | 0 | 0 |
_a724.7 _222 |
| 100 | 1 |
_aTschumi, Bernard, _d1944- _95915 |
|
| 245 | 1 | 0 |
_aEvent-cities 3 / _cBernard Tschumi. _bconcept vs. context vs. content |
| 246 | 3 | _aEvent-cities three | |
| 260 |
_aCambridge, MA : _bMIT Press, _cc2004. |
||
| 300 |
_a637 p. : _bill. ; _c23 cm. |
||
| 504 | _aIncludes bibliographical (p. [628]-[636]) references. | ||
| 600 | 1 | 0 |
_aTschumi, Bernard, _d1944- _95916 |
| 650 | 1 | 0 |
_aArchitecture, Modern _y21st century. _95917 |
| 650 | 1 | 0 |
_aArchitecture, Modern _y20th century. _95918 |
| 650 | 1 | 0 |
_aArchitecture _xPhilosophy. _95919 |
| 906 |
_a7 _bcbc _corignew _d1 _eocip _f20 _gy-gencatlg |
||
| 942 |
_2ddc _cBK |
||
| 999 |
_c353544 _d353544 |
||